Past 10 Buffalo Bills QBs - Statistics

General Stats
  • This quiz has been taken 44 times
  • The average score is 6 of 10
Answer Stats
Hint Answer % Correct
18-24 Josh Allen
100%
15-17 Tyrod Taylor
92%
09-12 Ryan Fitzpatrick
87%
13 EJ Manuel
63%
02-04 Drew Bledsoe
61%
05-06 JP Losman
42%
14 Kyle Orton
34%
07-08 Trent Edwards
34%
2000 Rob Johnson
24%
01 Alex Van Pelt
18%
No matching quizzes found
Score Distribution
Percent of People with Each Score
Percentile by Number Answered
Your Score History
You have not taken this quiz